MDQL
is popping MORE tags! Check the
thread
!
Quizzes
Events
Quiz Creation
Community
Videos
Private Events
Remove Ads
Sign In
Join for FREE
Feedback
Dark Mode
Quiz Categories
Sports
Geography
Music
Movies
Television
Just For Fun
Miscellaneous
History
Literature
Language
Science
Gaming
Entertainment
Religion
Holiday
For Kids
Quiz Lab
Recent
Popular Today
Quiz Kudos Today
Editor Picks
Curator Picks
Quizzes by...
Day
Popularity
Type
Ratings
Length
Year
Community
Subscriptions
Recent Discussions
Orange Saloon
Badges
Playlists
Quests
Create
Leaderboards
Showdown
Live 5
Trivia Bingo
Activity
Puzzle Library
Sporcle Events
Private Events
Virtual Trivia
Globe League
Become a Host
Pub Owners
SporcleCon
Opinionation
Our Games
Videos
Blog
Mobile Apps
Partnerships
Remove Ads and Go Orange
Feedback
Just For Fun
Clickable
Get the Picture
Humor
Quick Pick
Word Ladder
Missing Word
Mixed Word
Blitz
Minefield
This or That
Alphabet
Color
Typing
Sporcle
Puzzle
Word Play
Follow That Line
Logic
Just For Fun
Clickable
Get the Picture
Humor
Quick Pick
Word Ladder
Missing Word
Mixed Word
Blitz
Minefield
This or That
Alphabet
Color
Typing
Sporcle
Puzzle
Word Play
Follow That Line
Logic
Random Quiz
Search Sporcle
×
Quiz Lab
Quiz Lab
Just For Fun
Actor
Type in answers that appear in a list
Type in answers that appear in a list
Classic
Best Score? Go Orange.
Word Ladder: A Tribute to Eli Stats
Can you name the four-letter words in this ladder based on the movies of the legendary Eli Wallach (1915-2014)?
By
zaphenath
12m
107 Questions
64 Plays
64 Plays
64 Plays
Comments
Comments
Give Quiz Kudos
Give Quiz Kudos
-
- Ratings
hide this ad
Replay
Link that replays current quiz
Next Quiz
Link to next quiz in quiz playlist
You Got
0%
They Got
Avg Score
83%
Avg Friend Score
Upgrade to see
Score Distribution
Jump to the score distribution portion of the page
Score
0/107
Timer
12:00
0
Plays Today
Hint
4-Letter Word
% Correct
Internet conversation
CHAT
96.8%
Chinese detective Charlie
CHAN
95.2%
Cold weather outerwear
COAT
95.2%
Male hog
BOAR
95.2%
Grizzly, Black, or Kodiak
BEAR
95.2%
✤ Genghis _
_
_
_
(1965) ✤
KHAN
93.5%
Accomplishment
FEAT
93.5%
✤ How the _
_
_
_
Was Won (1962) ✤
WEST
93.5%
Air current
WIND
93.5%
Between 12 and 20 years old
TEEN
93.5%
Bird of peace
DOVE
93.5%
Gathering, celebration
FEST
91.9%
Red, swollen mark on flesh
WELT
91.9%
Join metal by heat
WELD
91.9%
Close and open one eyelid
WINK
91.9%
Golfer's warning shout
FORE
91.9%
✤ New _
_
_
_
, I Love You (2008) ✤
YORK
91.9%
Southern celeb chef Paula
DEEN
91.9%
Opinion survey
POLL
91.9%
✤ The _
_
_
_
, the Bad and the Ugly (1966) ✤
GOOD
91.9%
Coniferous tree variety
PINE
90.3%
Penalty for traffic violation
FINE
90.3%
What the farmer is in
DELL
90.3%
What are used for kissing
LIPS
90.3%
Identical; not different
SAME
90.3%
Goes with kisses
HUGS
90.3%
✤ How to Save a Marriage
and Ruin Your _
_
_
_
(1968) ✤
LIFE
90.3%
✤ Plot of _
_
_
_
(1976) ✤
FEAR
88.7%
✤ Danger Grows _
_
_
_
(1966) ✤
WILD
88.7%
Funeral cloth
PALL
88.7%
✤ Honey Sweet _
_
_
_
. . . (1994) ✤
LOVE
88.7%
Long, low sound of suffering
MOAN
88.7%
✤ The People Next _
_
_
_
(1970) ✤
DOOR
88.7%
King of the jungle
LION
88.7%
Drinks in small mouthfuls
SIPS
88.7%
Of sound mind
SANE
88.7%
Hint
4-Letter Word
% Correct
Window glass
PANE
88.7%
What the Titanic did
SUNK
88.7%
Jackman or Downs
HUGH
88.7%
Quote another author
CITE
88.7%
✤ 20 Shades of _
_
_
_
(1976) ✤
PINK
87.1%
✤ _
_
_
_
power (1979) ✤
FIRE
87.1%
A bygone time
YORE
87.1%
The Monkees' Peter
TORK
87.1%
✤ Don't _
_
_
_
the Other Cheek (1971) ✤
TURN
87.1%
✤ Baby _
_
_
_
(1956) ✤
DOLL
87.1%
✤_
_
_
_
Street:Money Never Sleeps(2010)✤
WALL
87.1%
Body of traditions and knowledge
LORE
87.1%
Thug, bully
GOON
87.1%
Unkind, spiteful, or nasty
MEAN
87.1%
Purchases
BUYS
87.1%
Audible breath
SIGH
87.1%
Hard outer layers of cereal grain
BRAN
85.5%
Rowan Atkinson character, Mr. _
_
_
_
BEAN
85.5%
Unleavened cornbread
PONE
85.5%
Vacuum cleaner action
SUCK
85.5%
Small concealed microphones
BUGS
85.5%
Jedi enemies
SITH
85.5%
Feeling of sorrow and compassion
PITY
85.5%
Lightweight toy flown by a string
KITE
85.5%
Ankara resident
TURK
83.9%
Slender migratory seabird
TERN
83.9%
Animated movie (abbrev.)
TOON
83.9%
✤ The _
_
_
_
-
Spinners (1964) ✤
MOON
83.9%
High-
end French goods: Christian _
_
_
_
DIOR
83.9%
EA's life simulation video game: The _
_
_
_
SIMS
83.9%
To have warbled
SUNG
83.9%
✤ Ace _
_
_
_
(1968) ✤
HIGH
83.9%
Lightweight sun helmet
PITH
83.9%
✤ Night and the _
_
_
_
(1992) ✤
CITY
83.9%
Bestow excessive love
DOTE
82.3%
1982 Disney sci-
fi movie
TRON
82.3%
Hint
4-Letter Word
% Correct
✤ Circle of _
_
_
_
(1978) ✤
IRON
82.3%
Ayatollah-
led country
IRAN
82.3%
Early Atari video game
PONG
82.3%
Corduroy ridge
WALE
80.6%
Tract of open uncultivated upland
MOOR
80.6%
The Belmonts lead singer DiMucci
DION
80.6%
✤ The Executioner's _
_
_
_
(1982) ✤
SONG
79%
Of common occurrence, widespread
RIFE
79%
✤ The _
_
_
_
of the Magi (1958) ✤
GIFT
79%
Lush valley, dale
VALE
77.4%
Mouselike rodent with rounded muzzle
VOLE
77.4%
✤_
_
_
_
and Die:Liszt for President(2008)✤
VOTE
77.4%
✤ _
_
_
_
Jim (1965) ✤
LORD
77.4%
✤ _
_
_
_
Son (1984) ✤
SAM'S
77.4%
Soft, wet, pulpy mass (e.g. oatmeal)
MUSH
77.4%
✤ The _
_
_
_
(1977) [far down] ✤
DEEP
75.8%
Former Boston lead singer Brad
DELP
75.8%
128 cubic feet of cut wood
CORD
75.8%
✤ State_
_
_
_
Motel (1973) ✤
LINE
75.8%
Break in friendly relations
RIFT
75.8%
✤ Mackenna's _
_
_
_
(1969) ✤
GOLD
74.2%
Of that indicated or implied
SUCH
74.2%
✤ Two _
_
_
_
(1995) ✤
MUCH
74.2%
Legal claim on property
LIEN
72.6%
Archaic word for cattle
KINE
71%
✤ A _
_
_
_
Night's Death (1973) ✤
COLD
69.4%
✤ Legacy of _
_
_
_
(1992) ✤
LIES
69.4%
✤ Tough _
_
_
_
(1986) ✤
GUYS
69.4%
✤ _
_
_
_
of the Corner (2004) ✤
KING
67.7%
Large cod-
like fish
LING
67.7%
To persuade or cajole
COAX
66.1%
To speak with exaggerated enthusiasm
GUSH
66.1%
Showing age; esp. having gray hair
HOAR
62.9%
'Moonstruck' actor Louis
GUSS
62.9%
✤ The _
_
_
_
(2006) [deception] ✤
HOAX
61.3%
Quiz Playlist
Details
Report
Send in Message
Add To Playlist
Classic:
Type in answers that appear in a list
Last Updated: Feb 16, 2017
Quiz Scoreboard
CHALLENGE
Sign Up to Join the Scoreboard
Show All
Scores
Hide
Comments
May contain spoilers
Recently Published
5x2 Blitz: Bands
by SL_Kpop136
Music
30s
Colored Red Africa Blitz
by spor1
Geography
30s
Find the 'City' Movie
by crazypaving
Movies
60s
More to Explore
Quiz From the Vault
Featured Blog Post
14 Easter Pick-up Lines to Find Eggs With
hide this ad
You Might Also Like...
Tags
Actor Quiz
Word Ladder Quiz
eli
Movie Stars
theme
Today's Top Quizzes in Just For Fun
Browse Just For Fun
hide this ad
Today's Top Quizzes in Actor
Browse Actor
Top Contributed Quizzes in Just For Fun
1
Avatar the Last Airbender: Logic Puzzle
2
Name Just One - 10 to 1: Just For Fun
3
Missing Word: 2-Letter A-Z II
4
Missing Letter Whitney Houston Songs
5
Survivor Winners Logic Puzzle
6
Shadowhunters Protagonists Logic Quiz
7
Quick 5-Color Logic (18)
8
Medium Renzoku Puzzle 11
9
It's Magic / Witchcraft 🎩🪄🧙♀️
10
Killer Double Trees 224 - Colour Match-Up
Explore More
Trending Topics
Crossword
Marvel
Anime
NBA
Harry Potter
Disney
Kpop
The Office
Song
NFL
Soccer
WWE
Puzzle
Country
Pokémon
hide this ad
More By:
zaphenath
Quiz
Plays
Rating
Category
Featured
Created
Pro Athletes in Yearbook Photos
137,145
4.67
Sports
Sep 9, 2013
2-Word Movie Pictograms
100,857
4.10
Movies
Nov 15, 2014
Countries by Former Flags
61,217
4.70
Geography
Jul 9, 2013
Classical Music by Score Fragment
57,588
4.52
Music
Jun 13, 2013
Super Word Chain
40,484
4.70
Language
Aug 14, 2013
Go to Creator's Profile
Score Distribution
Quiz Creator Spotlight
zaphenath
Follow
Send a Message
Quizzes Created
-
Created Quiz Play Count
-
More By This Creator
Popular Quizzes Today
1
Colored Red Africa Blitz
2
Find the 'City' Movie
3
Find the US States - No Outlines Minefield
4
5x2 Blitz: Bands
5
The Countries of the World
6
Find the US States
7
US States
8
9x9 Crossword: Cartoon Network
More Just For Fun Quizzes
Tents and Trees Logic Puzzle #19
Quiz Lab
Trending Quizzes
Colored Red Europe Blitz I
Colored Red Europe Blitz II
Colored Red Africa Blitz II
Colored Red Europe Blitz III
Colored Red Africa Blitz III
Recently Updated
How Do You Spell That?
pecheneg
Godzilla Movies
pecheneg
Grab Bag: 4-10 Letters
pecheneg
2024 March Madness Bracket
pecheneg
Famous TV Couples
Peacemaker
Champions League XIs: Real Madrid
pecheneg
Largest US Cities 1790-2010
pecheneg
Rides in Walt Disney World
pecheneg
Most Oscar Losses (Acting)
pecheneg
Beyoncé Albums
pecheneg
Trending Topics
Crossword
Harry Potter
Marvel
Anime
Kpop
NBA
Disney
NFL
Pokémon
The Office
Soccer
Country
WWE
Song
Puzzle
Your Account Isn't Verified!
In order to create a playlist on Sporcle, you need to verify the email address you used during registration. Go to your
Sporcle Settings
to finish the process.
Report this User
Report this user for behavior that violates our
Community Guidelines
.
Details:
Send Report
Go to the Sporcle.com Mobile Site →
Comments